All Dependent Territories of the UK - Statistics

General Stats
  • This quiz has been taken 1,228 times
  • The average score is 11 of 17
Answer Stats
Continent Dependent Territory % Correct
Europe Gibraltar
87%
South America Falkland Islands
85%
Europe Jersey
81%
North America British Virgin Islands
80%
Europe Guernsey
80%
Europe Isle of Man
79%
North America Bermuda
77%
North America Cayman Islands
63%
Africa Saint Helena, Ascension and Tristan da Cunha
63%
North America Anguilla
57%
North America Montserrat
57%
Asia British Indian Ocean Territory
54%
Antarctica British Antarctic Territory
53%
Oceania Pitcairn Islands
53%
Antarctica South Georgia and the South Sandwich Islands
52%
North America Turks and Caicos
52%
Asia Akrotiri and Dhekelia
38%
No matching quizzes found
Score Distribution
Percent of People with Each Score
Percentile by Number Answered
Your Score History
You have not taken this quiz